| 000 | 01121aab a2200193 i 4500 | ||
|---|---|---|---|
| 001 | 768714001 | ||
| 003 | CO-MdFUSB | ||
| 005 | 20240806103639.0 | ||
| 008 | 240806t1997 -us||||| |||| 00| 0 eng d | ||
| 040 |
_bspa _cCO-MdFUSB |
||
| 041 | _aeng | ||
| 100 | 1 |
_aShenk, Wilbert R. _eautor |
|
| 245 | 1 | 0 |
_aMission, renewal, and the future of the church _c/ Wilbert R. Shenk |
| 520 | _aLa renovación de las iglesias es una prioridad máxima para muchas iglesias a nivel mundial. Los cristianos protestantes a menudo se asocian con la idea de reforma, avivamiento o renovación. De hecho, la "Reforma" histórica y religiosamente estuvo en la posición protestante. En el siglo XX, toda la cultura de la Iglesia occidental giraba en torno a la renovación. Además, los misioneros modernos fundaron la mayoría de las iglesias en Asia, África y América Latina, muchas de las cuales siguen existiendo. | ||
| 546 | _aTexto en inglés. | ||
| 773 | 0 |
_tInternational Bulletin _049483 _961008 _gVolumen 21, (número 4, 1997), páginas: 154 - 159 _q154-159 |
|
| 942 | _cANA | ||
| 945 | _aCatherine Arias Álvarez - Practicante SENA | ||
| 999 |
_c57369 _d57369 |
||